000
00238nam a22000977a 4500
082
_a
621.3 TOR'P
100
_a
TORA, V. D
_9
80679
245
_a
PRINCIPLES OF ELECTRICAL ENGINEERING
260
_a
NEWJERSEY
_b
PRENTICE HALL
_c
1965
942
_c
BK
999
_c
585577
_d
585577